| 000 | nam a22 a 4500 | ||
|---|---|---|---|
| 999 |
_c963 _d963 |
||
| 003 | AKMAL | ||
| 005 | 20170508100506.0 | ||
| 008 | 170508s2004 my | e l 000 0 eng d | ||
| 020 |
_a9678915561 (pbk.) : _cRM15.00 |
||
| 040 | _aAKMAL | ||
| 082 | 0 | 4 |
_a343.595056 CUS _222 |
| 090 | 0 | 0 |
_a343.595056 _bCUS |
| 110 | 1 |
_aMalaysia _9400 |
|
| 240 | 1 | 0 |
_aAkta Kastam, 1967. _lEnglish |
| 245 | 1 | 0 |
_aCustoms Act 1967 (Act 235) & Customs Regulations 1977 _ccompiled by Legal Research Board _b(As at 15th. January 2004) |
| 260 |
_aPetaling Jaya : _bInternational Law Book Services, _c2004 |
||
| 300 |
_a153p. ; _c24cm. |
||
| 599 | _aDALAM PROSES | ||
| 650 | 1 | 0 |
_aTariff _xLaw and legislation _zMalaysia _920 |
| 650 | 2 | 0 |
_aCustoms administration _xLaw and legislation _zMalaysia _92046 |
| 710 | 2 |
_aLembaga Penyelidikan Undang-Undang _92047 |
|
| 942 |
_2ddc _cBOOK |
||